East-West-Imagine in the Polish First Half of 18th Century Historiography
| Titel: | East-West-Imagine in the Polish First Half of 18th Century Historiography |
|---|---|
| Verfasser: | |
| In: |
Notions of the self, (2012), Seite 65-74 alle Artikel anzeigen |
| Veröffentlicht: | 2012 |
| Format: | Aufsatz |
| Sprache: | Englisch |
X
alg: 39267980
001A $01999:11-11-16
001B $01999:21-05-21 $t16:54:02.000
001D $01999:11-11-16
001U $0utf8
001X $00
002@ $0Aox
003@ $0392679809
007A $0392679809 $aHEB
007T $0Herdc0097940m
010@ $aeng
011@ $a2012
021A $aEast-West-Imagine in the Polish First Half of 18th Century Historiography
028A $aDolański $dDariusz
031A $h65-74 $j2012
039B $aIn $8--Aau--. Notions of the self. - Zielona Góra {[u.a.] : Uniw. Zielonogórski {[u.a.], 2012. - 197 S.. - Ill.. - ISBN 978-83-7842-018-7 $x201200000000000935 $9313453519
045F $a306.09438 $eDDC23BSB
045F/01 $a306.09
045F/03 $g438
lok: 39267980 78
exp: 39267980 78 1 #EPN
201B/01 $019-04-17 $t11:28:33.000
201U/01 $0utf8
203@/01 $078877915X
208@/01 $a11-11-16 $be
209A/01 $a/ $f000 $x00
220C/01 $aTitelaufnehmer: pg
220C/01 $aHerkunft: HI Marburg
220C/01 $aAnmerkung: *NG
244Z/01 $2Trx $#Poola $#Lenkija $#Polija $#Polen Land $#Poland $#Lengyelország $#Poľsko $#Polsko $8--Trx--Polska$gkraj $x01 $9391345966
244Z/01 $aGeschichte 1700-1750 $x02
244Z/01 $2Trx $#historiograafia, Poola $#Lenkijos istoriografija $#Historiography, Polish $#történetírás, lengyel $#historiografia polska $#historiografia poľská $#historiografie polská $8--Trx--Historiographie, polnische $x03 $9391358499
244Z/01 $2Trx $#identiteedid, kollektiivsed $#kolektyviniai identitetai $#collective identities $#identitások, kollektív $#tożsamość społeczna $#totožnosti kolektívne $#identita kolektivní $#totožnost kolektivní $8--Trx--Identitäten, kollektive $x04 $9391366564
244Z/01 $2Trx $8--Trx--Einzelbeiträge $x05 $9391384570
245Z/01 $a11.01 $x01
247C/01 $82080>Marburg/Lahn, Herder-Institut, Forschungsbibliothek, Bibliographieportal $9336309341
| LEADER | 00000caa a22000002c 4500 | ||
|---|---|---|---|
| 001 | 392679809 | ||
| 003 | DE-603 | ||
| 005 | 20210521165402.0 | ||
| 007 | tu | ||
| 008 | 161111s2012 xx |||| | u00||u|eng c | ||
| 035 | |a (DE-599)HEB392679809 | ||
| 040 | |a DE-603 |b ger |c DE-603 |d DE-603 | ||
| 041 | |a eng | ||
| 082 | 0 | 4 | |8 1\u |a 306.09438 |q DE-101 |2 23/BSB |
| 085 | |8 1\u |b 306.09 | ||
| 085 | |8 1\u |z 2 |s 438 | ||
| 100 | 1 | |a Dolański, Dariusz | |
| 245 | 0 | 0 | |a East-West-Imagine in the Polish First Half of 18th Century Historiography |
| 264 | 0 | |c 2012 | |
| 773 | 0 | 8 | |i In |t Notions of the self |d Zielona Góra [u.a.] : Uniw. Zielonogórski [u.a.], 2012 |h 197 S., Ill. |z 9788378420187 |g (2012), Seite 65-74 |w (DE-603)313453519 |
| 924 | 0 | |9 2080 |a (DE-603)78877915X |b DE-2080 |c HES |d d |g / | |


